The law of sports /

Bibliographic Details
Main Author: Weistart, John C.
Other Authors: Lowell, Cym H.
Format: Book
Language:English
Published: Indianapolis : Bobbs-Merrill Co., [1979]
Subjects:

MARC

Tag First Indicator Second Indicator Subfields
LEADER 00000cam a2200000 a 4500
001 in00000070457
005 20151008061748.0
008 790308s1979 inu b 00110 eng d
010 |a  79084249  
020 |a 0672823373 
035 |a (OCoLC)04725560 
035 |9 AAJ8760AM 
040 |c ONL  |d OCL  |d TXA  |d UtOrBLW 
043 |a n-us--- 
049 |a TXAM  |c [387173] 
090 |a KF3989  |b .W38 
100 1 |a Weistart, John C. 
245 1 4 |a The law of sports /  |c John C. Weistart, Cym H. Lowell. 
264 1 |a Indianapolis :  |b Bobbs-Merrill Co.,  |c [1979] 
264 4 |c ©1979 
300 |a xx, 1154 pages ;  |c 27 cm. 
336 |a text  |b txt  |2 rdacontent 
337 |a unmediated  |b n  |2 rdamedia 
338 |a volume  |b nc  |2 rdacarrier 
504 |a Includes bibliographical references and index. 
650 0 |a Sports  |x Law and legislation  |z United States. 
700 1 |a Lowell, Cym H. 
999 |a MARS 
999 f f |s e6ce7164-03e0-3ef9-8489-137b87f95cf1  |i c2aa8593-39b0-3a3d-bac1-61ca782645b4  |t 0 
952 f f |p ric  |a Texas A&M University  |b Rellis Campus  |c Joint Library Facility  |d Remote Storage  |t 0  |e KF3989 .W38  |h Library of Congress classification  |i unmediated -- volume  |m A14806156123 
998 f f |a KF3989 .W38  |t 0  |l Remote Storage